01385nab a22002537a 4500999001500000003000400015005001700019008004100036040000700077100004100084245012200125260004200247300001200289500003500301505042200336505008900758650002600847650003000873650003100903650003600934650002800970773012000998942001301118 c6511d6511OSt20260215214112.0190506c xxu||||| |||| 00| 0 spa d cPJ 97120aUnzaga Domínguez, Guillermo 13aEl período de prueba y las prestaciones por accidentes y enfermedades inculpables /cGuillermo Unzaga Domínguez.  aBuenos Aires :bAbeledoPerrot,c2024. ap. 3-12 aCita: TR LALEY AR/DOC/2958/23. aSumario: I. Introducción.— II. El trabajador tiene derecho, durante el período de prueba, a las prestaciones por accidente o enfermedad del trabajo.— III. El trabajador tiene derecho, durante el período de prueba, a las prestaciones (...).— IV. El trabajador tiene derecho, durante el período de prueba, a las prestaciones (...).— V. El despido discriminatorio por motivos de salud.— VI. Corolario.  t¿Te interesa el texto completo? Comunicate al correo: koha@justierradelfuego.gov.ar 091316aDERECHO LABORAL 091323aCONTRATO DE TRABAJO 091803aRELACIONES LABORALES 094428aRELACIÓN DE DEPENDENCIA 096786aPERIODO DE PRUEBA0 0275193202dBuenos Aires : AbeledoPerrot, 2013-tRevista de derecho laboral y seguridad social. Nº 2 - Enero 2024 2udccANA